Normal view
MARC view
Entry Topical Term
001 - CONTROL NUMBER
- control field: 6570
003 - CONTROL NUMBER IDENTIFIER
- control field: ARRUPE
005 - DATE AND TIME OF LATEST TRANSACTION
- control field: 20140113135038.0
008 - FIXED-LENGTH DATA ELEMENTS
- fixed length control field: 140113|| aca||aabn | a|a d
040 ## - CATALOGING SOURCE
- Original cataloging agency: ARRUPE
- Transcribing agency: ARRUPE
150 ## - HEADING--TOPICAL TERM
- Topical term or geographic name as entry element: Oratory
- General subdivision: Oral Communication
670 ## - SOURCE DATA FOUND
- Source citation: Work cat.: (ARRUPE): Young, Kathryn S. 6569, Oral Communication, 2004